| 000 | 01094cad a22002655a 4500 | ||
|---|---|---|---|
| 001 | E152304 | ||
| 008 | 110221s2010 xxk f s 000 0 eng d | ||
| 020 | _a9781842195963 | ||
| 035 | _a(Sirsi) u152304 | ||
| 041 | 0 | _aeng | |
| 100 | 1 | _aLobley, Matt | |
| 111 | 2 |
_aRICS Roots Rural Research Conference _cPlumpton College _d13-14 April, 2010 |
|
| 245 | 0 | 1 |
_a"Habitat is just another crop, it sticks out of the ground and needs management" _btraining and advice to improve agri-environmental management _h[electronic resource] |
| 260 |
_aLondon _bRICS _c2010 |
||
| 520 | _aA paper presented at the RICS Roots Rural Research Conference held at Plumpton College on 13-14 April, 2010. | ||
| 521 | _aAdvanced | ||
| 590 | _aKA | ||
| 651 | 4 |
_aUnited Kingdom _y |
|
| 690 | _aENVIRONMENTAL AND LAND CONSULTANCY-LAND MANAGEMENT | ||
| 700 | 1 | _aSaratsi, Eirini | |
| 700 | 1 | _aWinter, Michael | |
| 700 | 1 | _aBullock, James M. | |
| 856 | 4 | 0 |
_uhttps://www.rics.org/profession-standards/knowledge-and-information-services/document-delivery-and-o _zemail [email protected] to request a copy |
| 942 | _n0 | ||
| 999 |
_c111979 _d111979 |
||